| 000 | 00762nam a22002777a 4500 | ||
|---|---|---|---|
| 001 | 9467 | ||
| 003 | FISKH | ||
| 005 | 20260113161659.0 | ||
| 008 | 260113b cb ||||| |||| 00| 0 eng d | ||
| 020 | _a9781595152527 | ||
| 040 |
_aFISKH _beng _cFISKH _dFISKH |
||
| 050 | _aPZ7 | ||
| 082 | _a551 | ||
| 100 |
_aFreeman, Marcia S. _eAuthor |
||
| 245 |
_aWhen it rains / _cby Marcia S. Freeman |
||
| 260 |
_aNorth Mankato : _bRourke Publishing , _c2003 |
||
| 300 |
_a8 pages : _bcolor illustrations ; _c16 x 19 cm |
||
| 490 |
_aReaders for writers _vEmergent |
||
| 505 | _aE | ||
| 520 | _aExplains What Happens When It Rains. | ||
| 521 | 8 |
_a170
_bLexile |
|
| 521 | 8 |
_aE
_bRaz-Plus |
|
| 650 |
_aWeather _vSeason |
||
| 942 |
_2ddc _cBK _n0 |
||
| 999 |
_c9467 _d9467 |
||